Los comediantes /
Guardado en:
| Autor Principal: | |
|---|---|
| Formato: | Libro |
| Publicado: |
Buenos Aires :
Debolsillo
|
| Materias: | |
| Etiquetas: |
Agregar Etiqueta
Sin Etiquetas, Sea el primero en etiquetar este registro!
|
| LEADER | 00648nam a22002415a 4500 | ||
|---|---|---|---|
| 001 | CEM.cems011653 | ||
| 005 | 20070831131859.0 | ||
| 008 | 130507b######################000#0#####d | ||
| 003 | CEMS | ||
| 020 | |a 9875660213 | ||
| 082 | 0 | 4 | |a 823.9 |
| 100 | 1 | |a Greene, Graham | |
| 245 | 1 | 0 | |a Los comediantes / |c Graham Greene |
| 260 | |a Buenos Aires : |b Debolsillo | ||
| 300 | |a 438 p. | ||
| 653 | |a Literatura | ||
| 653 | |a Literatura inglesa | ||
| 653 | |a Literatura siglo xx | ||
| 653 | |a Novelas inglesas | ||
| 653 | |a Novelas siglo xx | ||
| 653 | |a Narrativa inglesa | ||
| 653 | |a Narrativa | ||
| 859 | |a CEMS |b BIB. CEMS - 11 de abril |h 823.9 |i G821-1 |p 22604.04 |t Ej.1 | ||
